[Event "IECG TE.2003.P.01309 email"]
[Site "IECG email"]
[Date "2003.11.11"]
[Round "1"]
[White "Migliorini, Roberto"]
[Black "Wagner, Jeffrey"]
[Result "1-0"]
[WhiteElo "2084"]
[BlackElo "643"]
[PlyCount "33"]
[EventDate "2003.11.11"]
[EventType "tourn (corr)"]
[EventRounds "12"]
[SourceTitle "Corr 2024"]
[Source "ChessBase"]
[SourceDate "2023.10.19"]
[SourceVersion "1"]
[SourceVersionDate "2023.10.19"]
[SourceQuality "1"]

1. e4 c5 2. Nf3 Nc6 3. d4 cxd4 4. Nxd4 Nf6 5. Nc3 e6 6. Ndb5 Bb4 7. a3 Bxc3+ 8. Nxc3 d5 9. exd5 exd5 10. Bd3 0-0 11. 0-0 d4 12. Ne2 Qb6 13. b4 Bg4 14. f3 Bd7 15. Bb2 Rac8 16. b5 a6 17. bxc6 1-0

[Event "IECG TE.2003.P.01309 email"]
[Site "IECG email"]
[Date "2003.11.11"]
[Round "1"]
[White "Niewold, Jaap"]
[Black "Wagner, Jeffrey"]
[Result "1-0"]
[WhiteElo "1749"]
[BlackElo "643"]
[PlyCount "39"]
[EventDate "2003.11.11"]
[EventType "tourn (corr)"]
[EventRounds "12"]
[SourceTitle "Corr 2024"]
[Source "ChessBase"]
[SourceDate "2023.10.19"]
[SourceVersion "1"]
[SourceVersionDate "2023.10.19"]
[SourceQuality "1"]

1. e4 c5 2. Nf3 Nc6 3. d4 cxd4 4. Nxd4 Nf6 5. Nc3 e6 6. Ndb5 Bb4 7. a3 Bxc3+ 8. Nxc3 d5 9. exd5 Ne5 10. Bd2 0-0 11. Bd3 Qb6 12. Rb1 Nxd3+ 13. cxd3 exd5 14. 0-0 d4 15. Ne4 Bf5 16. Qf3 Bg4 17. Nxf6+ Qxf6 18. Qxg4 Qc6 19. Rbc1 Qd5 20. Bh6 1-0

[Event "IECG TE.2003.P.01309 email"]
[Site "IECG email"]
[Date "2003.11.11"]
[Round "1"]
[White "Retamoza, Francisco"]
[Black "Wagner, Jeffrey"]
[Result "1-0"]
[WhiteElo "1600"]
[BlackElo "643"]
[PlyCount "43"]
[EventDate "2003.11.11"]
[EventType "tourn (corr)"]
[EventRounds "12"]
[SourceTitle "Corr 2024"]
[Source "ChessBase"]
[SourceDate "2023.10.19"]
[SourceVersion "1"]
[SourceVersionDate "2023.10.19"]
[SourceQuality "1"]

1. e4 c5 2. Nf3 Nc6 3. d4 cxd4 4. Nxd4 Nf6 5. Nc3 e6 6. a3 Bd6 7. Nf5 Be5 8. Nd6+ Bxd6 9. Qxd6 Qe7 10. Bf4 Nh5 11. Qxe7+ Nxe7 12. Bd6 f5 13. Nb5 0-0 14. Bxe7 Re8 15. Bd6 Rd8 16. Nc7 Rb8 17. exf5 b6 18. Nxe6 dxe6 19. Bxb8 e5 20. Bxa7 Bxf5 21. Bxb6 Rd5 22. Bc4 1-0

[Event "IECG TE.2003.P.01309 email"]
[Site "IECG email"]
[Date "2003.11.11"]
[Round "2"]
[White "Wagner, Jeffrey"]
[Black "Migliorini, Roberto"]
[Result "0-1"]
[WhiteElo "643"]
[BlackElo "2084"]
[PlyCount "70"]
[EventDate "2003.11.11"]
[EventType "tourn (corr)"]
[EventRounds "12"]
[SourceTitle "Corr 2024"]
[Source "ChessBase"]
[SourceDate "2023.10.19"]
[SourceVersion "1"]
[SourceVersionDate "2023.10.19"]
[SourceQuality "1"]

1. e4 c5 2. Nf3 Nc6 3. d4 cxd4 4. Nxd4 Nf6 5. Nc3 e6 6. Ndb5 Bb4 7. a3 Bxc3+ 8. Nxc3 d5 9. exd5 exd5 10. Bd3 0-0 11. 0-0 Bg4 12. f3 Be6 13. Qe1 Re8 14. Qf2 d4 15. Ne2 Qd5 16. Nf4 Qa5 17. Bd2 Qb6 18. b3 Ne5 19. Bb4 Nxd3 20. cxd3 Nd5 21. Nxd5 Bxd5 22. Rae1 Bxb3 23. Re4 Rxe4 24. fxe4 Rc8 25. h3 h6 26. e5 Rc2 27. Qe1 Qg6 28. Rf2 Qxd3 29. e6 Rxf2 30. Qxf2 Bxe6 31. Qd2 Qxd2 32. Bxd2 g5 33. h4 gxh4 34. Bxh6 f6 35. Kf1 Kf7 0-1

[Event "IECG TE.2003.P.01309 email"]
[Site "IECG email"]
[Date "2003.11.11"]
[Round "2"]
[White "Wagner, Jeffrey"]
[Black "Niewold, Jaap"]
[Result "0-1"]
[WhiteElo "643"]
[BlackElo "1749"]
[PlyCount "76"]
[EventDate "2003.11.11"]
[EventType "tourn (corr)"]
[EventRounds "12"]
[SourceTitle "Corr 2024"]
[Source "ChessBase"]
[SourceDate "2023.10.19"]
[SourceVersion "1"]
[SourceVersionDate "2023.10.19"]
[SourceQuality "1"]

1. e4 c5 2. Nf3 Nc6 3. d4 cxd4 4. Nxd4 Nf6 5. Nc3 e6 6. Ndb5 Bb4 7. Bf4 0-0 8. Bc7 Qe7 9. Bd6 Bxd6 10. Qxd6 Ne8 11. Qxe7 Nxe7 12. 0-0-0 f5 13. f3 fxe4 14. fxe4 Rf2 15. e5 Nc6 16. Nd6 Nxd6 17. exd6 b6 18. Ne4 Rf5 19. g4 Rf4 20. Ng5 Rxg4 21. h4 Bb7 22. Bd3 h6 23. Bh7+ Kh8 24. Rdf1 Nd4 25. Rh2 Rg2 26. Rhh1 Ne2+ 27. Kd2 Ng3+ 28. Kc3 hxg5 29. Bd3 Rc8+ 30. Kb3 Nxh1 31. Rxh1 Rg4 32. Rf1 gxh4 33. Rf7 h3 34. Rxd7 h2 35. Rxb7 h1Q 36. Rf7 Qd5+ 37. Ka3 Qxd6+ 38. b4 Qxb4# 0-1

[Event "IECG TE.2003.P.01309 email"]
[Site "IECG email"]
[Date "2003.11.11"]
[Round "1"]
[White "Wagner, Jeffrey"]
[Black "Wurm, Tamas"]
[Result "0-1"]
[WhiteElo "643"]
[BlackElo "1371"]
[PlyCount "54"]
[EventDate "2003.11.11"]
[EventType "tourn (corr)"]
[EventRounds "12"]
[SourceTitle "Corr 2024"]
[Source "ChessBase"]
[SourceDate "2023.10.19"]
[SourceVersion "1"]
[SourceVersionDate "2023.10.19"]
[SourceQuality "1"]

1. e4 c5 2. Nf3 Nc6 3. d4 cxd4 4. Nxd4 Nf6 5. Nc3 e6 6. Ndb5 Bb4 7. a3 Bxc3+ 8. Nxc3 d5 9. exd5 exd5 10. Qe2+ Be6 11. Bf4 a6 12. 0-0-0 0-0 13. Qe3 Qe7 14. Bd3 d4 15. Qg3 dxc3 16. Bd6 cxb2+ 17. Kxb2 Qd8 18. Bxf8 Qxf8 19. Qc7 Qc5 20. Qxb7 Rb8 21. Bxa6 Rxb7+ 22. Bxb7 Qb6+ 23. Ka1 Qxb7 24. Rd3 h6 25. Rhd1 Qb5 26. Rd8+ Nxd8 27. Rxd8+ Kh7 0-1

[Event "IECG TE.2003.P.01309 email"]
[Site "IECG email"]
[Date "2003.11.11"]
[Round "2"]
[White "Wurm, Tamas"]
[Black "Wagner, Jeffrey"]
[Result "1-0"]
[WhiteElo "1371"]
[BlackElo "643"]
[PlyCount "55"]
[EventDate "2003.11.11"]
[EventType "tourn (corr)"]
[EventRounds "12"]
[SourceTitle "Corr 2024"]
[Source "ChessBase"]
[SourceDate "2023.10.19"]
[SourceVersion "1"]
[SourceVersionDate "2023.10.19"]
[SourceQuality "1"]

1. e4 c5 2. Nf3 Nc6 3. d4 cxd4 4. Nxd4 Nf6 5. Nc3 e6 6. Ndb5 Bb4 7. a3 Bxc3+ 8. Nxc3 d5 9. exd5 exd5 10. Bg5 0-0 11. Be2 Bf5 12. 0-0 d4 13. Na4 h6 14. Bxf6 Qxf6 15. Bd3 Ne7 16. Bxf5 Nxf5 17. Nc5 b6 18. Nd7 Qd6 19. Nxf8 Rxf8 20. Qd3 Qd5 21. c3 Ne3 22. fxe3 Rd8 23. exd4 Qe6 24. Rae1 Qa2 25. Re7 Qxb2 26. Rfxf7 Qc1+ 27. Qf1 Qd2 28. Rxg7+ 1-0

[Event "IECG CN.2002.0.00303 email"]
[Site "IECG email"]
[Date "2002.08.08"]
[Round "?"]
[White "Notarangelo, Domenico"]
[Black "Wagner, Jeffrey"]
[Result "1-0"]
[WhiteElo "800"]
[BlackElo "800"]
[PlyCount "35"]
[EventDate "2002.08.08"]
[EventType "tourn (corr)"]
[EventRounds "6"]
[SourceTitle "Corr 2008"]
[Source "ChessBase"]
[SourceDate "2008.06.24"]
[SourceVersion "1"]
[SourceVersionDate "2008.06.24"]
[SourceQuality "1"]

1. d4 d5 2. c4 e6 3. Nc3 f5 4. e3 c6 5. g4 Bd6 6. gxf5 Nf6 7. fxe6 0-0 8. Nf3 Bxe6 9. Qb3 Nbd7 10. Ng5 Re8 11. Nxe6 Rxe6 12. cxd5 cxd5 13. Nxd5 Qa5+ 14. Nc3 Nf8 15. Bc4 Qg5 16. Bxe6+ Kh8 17. Bh3 h6 18. Qxb7 1-0

[Event "IECG QN.2001.0.00203"]
[Site "IECG email"]
[Date "2001.11.20"]
[Round "?"]
[White "Wagner, Jeffrey"]
[Black "Zaharov, Alexis"]
[Result "0-1"]
[WhiteElo "800"]
[BlackElo "800"]
[PlyCount "80"]
[EventDate "2001.11.20"]
[EventType "tourn (corr)"]
[EventRounds "6"]
[SourceTitle "Corr 2008"]
[Source "ChessBase"]
[SourceDate "2008.06.24"]
[SourceVersion "1"]
[SourceVersionDate "2008.06.24"]
[SourceQuality "1"]

1. e4 Nf6 2. e5 Nd5 3. Bc4 Nb6 4. d3 Nc6 5. Nf3 d6 6. exd6 cxd6 7. Bb3 e5 8. 0-0 g6 9. Ng5 d5 10. Nc3 Be6 11. Nxe6 fxe6 12. Qg4 Nd4 13. Ba4+ Nxa4 14. Nxa4 Qd7 15. Bg5 Nxc2 16. Rac1 Nd4 17. Nc5 Bxc5 18. Bf6 0-0 19. Rxc5 Rxf6 20. Rfc1 Nc6 21. f3 Rf4 22. Qg5 Qd8 23. Qg3 Qh4 24. Qh3 Qxh3 25. gxh3 Rxf3 26. Kg2 Rxd3 27. R1c2 Rf8 28. R5c3 e4 29. Re2 Rxc3 30. bxc3 Rf3 31. Rc2 e5 32. Re2 Rxc3 33. Rb2 e3 34. Rxb7 e2 35. Kf2 Nd4 36. Rb8+ Kg7 37. Rb7+ Kh6 38. Rb1 Rc2 39. a4 e1Q+ 40. Kxe1 e4 0-1